Welcome to CU Library Online Public Access Catalogue (OPAC)

Human Development (Record no. 4717)

MARC details
000 -LEADER
fixed length control field 00566nam a22001937a 4500
003 - CONTROL NUMBER IDENTIFIER
control field OSt
005 - DATE AND TIME OF LATEST TRANSACTION
control field 20250312185013.0
008 - FIXED-LENGTH DATA ELEMENTS--GENERAL INFORMATION
fixed length control field 250312b |||||||| |||| 00| 0 eng d
020 ## - INTERNATIONAL STANDARD BOOK NUMBER
International Standard Book Number 9780072820348
040 ## - CATALOGING SOURCE
Transcribing agency Central University Library
100 ## - MAIN ENTRY--PERSONAL NAME
Dates associated with a name Papalia Diane E. Olds Wendkos Sally, Feldman Duskin Ruth
245 ## - TITLE STATEMENT
Title Human Development
Remainder of title Study Guide to accompany
250 ## - EDITION STATEMENT
Edition statement Ninth
260 ## - PUBLICATION, DISTRIBUTION, ETC.
Place of publication, distribution, etc. New York
Name of publisher, distributor, etc. The McGraw-Hill Companies
Date of publication, distribution, etc. 2004
300 ## - PHYSICAL DESCRIPTION
Extent xxii, 233 pages
Dimensions 27.5 cm
490 ## - SERIES STATEMENT
Materials specified Psychology
600 ## - SUBJECT ADDED ENTRY--PERSONAL NAME
Source of heading or term Human Development
942 ## - ADDED ENTRY ELEMENTS (KOHA)
Source of classification or shelving scheme Library of Congress Classification
Koha item type Books
Suppress in OPAC No
Holdings
Withdrawn status Lost status Source of classification or shelving scheme Damaged status Not for loan Collection Home library Current library Shelving location Date acquired Total checkouts Full call number Barcode Date last seen Copy number Price effective from Koha item type
    Library of Congress Classification     Non-fiction Business Library (Miotso) Business Library (Miotso) General stacks 03/12/2025   BF713 HUM BSSM00001332 03/12/2025 1 03/12/2025 Books
© 2023-2024 Copyright: Central University Libraries. All Rights Reserved | Created by: Mahone Tech Office